Performatif siyaset ve Erdoğan / (Record no. 15579)

MARC details
000 -BAŞLIK
Sabit Uzunlukta Kontrol Alanı 00792nam a22002417a 4500
999 ## - SİSTEM KONTROL NUMARALARI (KOHA)
Koha Biblionumber 15579
Koha Biblioitemnumber 15579
003 - KONTROL NUMARASI IDENTIFIER
Denetim Alanı MIRAKIL
005 - SON İŞLEM TARİHİ VE ZAMANI
Denetim Alanı 20240307140349.0
008 - SABİT-BOY VERİ ELEMANLARI - GENEL BİLGİLER
Sabit Uzunlukta Kontrol Alanı 240307b tu ||||| |||| 00| 0 tur d
020 ## - ULUSLARARASI STANDART KİTAP NUMARASI
Uluslararası Standart Kitap Numarası 9786057230805
040 ## - KATALOGLAMA KAYNAK
Orijinal Kataloglama Ajansı TR-AnCHP
Metne Dönüştürmek Ajansı TR-AnCHP
041 ## - DİL KODU
Metin / Ses Parça Veya Ayrı Başlığın Dil Kodu tur
082 ## - DEWEY ONLU SINIFLANDIRMA NUMARASI
Sınıflandırma Numarası 324.256103
Ürün Numarası Ç62p 2023
090 ## - SINIFLAMA NUMARASI
Sınıflama Numarası 324.256103 Ç62p 2023
100 ## - ANA GİRİŞ - KİŞİSEL İSİM
Kişisel Ad Çiftçioğlu, Erdoğan
Adının Fuller Formu (Dr.)
245 10 - BAŞLIK TABLOSU
Başlık Performatif siyaset ve Erdoğan /
Sorumluluk Tablosu, Vb Dr. Erdoğan Çiftçioğlu.
250 ## - EDITION TABLOSU
Baskı Beyanı 1 bs.
260 ## - YAYIN, DAĞITIM, VB
Yayın, Dağıtım, Vb Yeri İstanbul:
Yayıncı, Dağıtıcı, Vs Adı İstisnai kitaplar,
Yayın, Dağıtım, Vb Tarihi 2023.
300 ## - FİZİKSEL TANIM
Kapsam 319 s. :
Diğer Fiziksel Ayrıntıları renk. fotogr. ,
Boyutlar 21 cm.
600 14 - KONU KATMA GİRİŞ - KURUMSAL ADI
9 (RLIN) 4737
Kişisel Ad Erdoğan, Recep Tayyip
Bir Adıyla İlişkilendirilen Tarihler 1954-
650 #0 - KONU KATMA GİRİŞ - TOPİKAL DÖNEM
9 (RLIN) 54
Topikal Süreli Veya Coğrafi Ad Giriş Elemanı AKP
Genel Alt Bölümü Siyaset ve yönetim
856 ## - ELEKTRONİK YER VE ERİŞİM
Kamu Notu Dijital Nüshası için Partimizin Kütüphane Sorumlusu ile iletişime geçiniz.
942 ## - EKLENDİ GİRİŞ ELEMANLARI (KOHA)
Sınıflandırma Veya Raf Düzeni Kaynak Dewey Decimal Classification
Koha Öğesi Türü Books
Holdings
Kalıcı Konum Mevcut Konum Edinme Tarihi Toplam Check-Out'Lar Tam Çağrı Numarası Barkod Tarih Son Görülme İtibaren Geçerli Fiyatlar Koha Öğesi Türü
CHP Kütüphanesi CHP Kütüphanesi 03/07/2024   324.256103 Ç62p 2023 21464 03/07/2024 03/07/2024 Books